000
00288nam a22001097a 4500
008
230623b xxu||||| |||| 00| 0 eng d
082
_a
330.12
_b
CON 1959
245
_a
The Welfare State in New Zealand
260
_a
London
_b
George Allen & Unwin Ltd
_c
1959
300
_a
388p
942
_2
ddc
_c
BK
999
_c
2510
_d
2510